Statistics for Most Atheist Asian Countries

Click here to take the quiz!

General Stats

  • This quiz has been taken 51 times
  • The average score is 9 of 10

Answer Stats

%Country% Correct
52.2China
100%
46.4South Korea
98%
57.0Japan
96%
71.3North Korea
94%
29.6Vietnam
92%
12.7Taiwan
90%
35.9Mongolia
75%
16.4Singapore
75%
4.2Kazakhstan
71%
7.0Philippines
60%

Score Distribution

Percentile by Number Answered

Percent of People with Each Score

Your Score History

You have not taken this quiz